Members of the Alpha Flight by Picture - Statistics

General Stats
  • This quiz has been taken 19 times
    16 since last reset
  • The average score is 6 of 9
Answer Stats
Picture Hint Answer % Correct
Vindicator/James Hudson
93%
Former Wolverine
86%
Northstar/Jean-Paul Beaubier
79%
Puck/Eugene Judd
79%
Sasquatch/Walter Langkowski
71%
Snowbird/Narya
71%
Aurora/Jeanne-Marie Beaubier
64%
Shaman/ Michael Twoyoungmen
64%
Heather Hudson
21%
No matching quizzes found
Score Distribution
Percent of People with Each Score
Percentile by Number Answered
Your Score History
You have not taken this quiz since the last reset